[Event "Wetherby 4NCL op-B 6th"]
[Site "Wetherby"]
[Date "2016.01.10"]
[Round "5"]
[White "Adam, David W"]
[Black "Tate, David"]
[Result "1-0"]
[WhiteElo "1855"]
[BlackElo "1750"]
[PlyCount "121"]
[EventDate "2016.01.08"]
[EventType "swiss"]
[EventRounds "5"]
[EventCountry "ENG"]
[SourceTitle "CBM 170 Extra"]
[Source "ChessBase"]
[SourceDate "2016.02.25"]
[SourceVersion "1"]
[SourceVersionDate "2016.02.25"]
[SourceQuality "1"]

1. c4 e6 2. g3 Nc6 3. Bg2 b6 4. e4 Bb7 5. Ne2 Nf6 6. Nbc3 Be7 7. 0-0 0-0 8. d4 d6 9. b3 Nb4 10. a3 Na6 11. Re1 c5 12. e5 Bxg2 13. exf6 Bxf6 14. Kxg2 cxd4 15. Nxd4 Nc5 16. Be3 Rc8 17. Rc1 Qc7 18. b4 Qb7+ 19. Kg1 Ne4 20. Nxe4 Qxe4 21. f3 Qg6 22. Qe2 Rfd8 23. Red1 d5 24. cxd5 exd5 25. Rxc8 Rxc8 26. Qa6 Re8 27. Qd3 Bg5 28. Bxg5 Qxg5 29. f4 Qe7 30. Nf5 Qf6 31. Qxd5 g6 32. Nh6+ Kg7 33. Ng4 Qe7 34. Qe5+ f6 35. Qxe7+ Rxe7 36. Kf2 Rc7 37. Rd3 h5 38. Ne3 Kf7 39. Kf3 Ke6 40. h4 a6 41. Nd1 a5 42. bxa5 bxa5 43. Nc3 Rc6 44. Nb5 Rc4 45. Rd6+ Ke7 46. Rd3 Ke6 47. Rd4 Rc5 48. a4 g5 49. hxg5 fxg5 50. fxg5 Rxg5 51. Re4+ Kd5 52. Nc3+ Kc5 53. Kf4 Rg4+ 54. Kf3 Rg5 55. Ne2 Kd5 56. Nf4+ Kd6 57. Rd4+ Kc6 58. Nd3 Rf5+ 59. Rf4 Rg5 60. Rh4 Rd5 61. Nf4 1-0